| 000 | 00625nam a2200301Ia 4500 | ||
|---|---|---|---|
| 005 | 20260401122415.0 | ||
| 008 | 008 250103s9999 xx 000 0 eng d | ||
| 020 | _a9781844676842 | ||
| 037 | _aTB | ||
| 040 | _aEDL | ||
| 040 | _beng | ||
| 040 | _cEDL | ||
| 041 | _2eng | ||
| 041 | _aeng | ||
| 084 | _a741.942 | ||
| 084 | _qEDL | ||
| 100 |
_aBerger, John _91108399 |
||
| 245 | 0 | _aBento's Sketch Book | |
| 245 | 0 | _cBerger, John | |
| 260 | _aLondon | ||
| 260 | _bVerso | ||
| 260 | _c2011 | ||
| 300 | _a167p | ||
| 942 | _cTB | ||
| 942 | _h741.942 | ||
| 999 |
_c1847074 _d1847074 |
||